Técnicas de Estudio / (Registro nro. 6085)

Detalles MARC
000 -LEADER
fixed length control field 01063nam a2200253Ia 4500
003 - CONTROL NUMBER IDENTIFIER
control field OSt
005 - DATE AND TIME OF LATEST TRANSACTION
control field 20200901103503.0
008 - FIXED-LENGTH DATA ELEMENTS--GENERAL INFORMATION
fixed length control field 191128s1989 ck a gr 000 0 spa d
040 ## - CATALOGING SOURCE
Original cataloging agency CO-JMCR
Transcribing agency CO-JMCR
041 0# - LANGUAGE CODE
Language code of text/sound track or separate title spa
082 04 - DEWEY DECIMAL CLASSIFICATION NUMBER
Classification number 371.3 /
Item number E749t
Edition number 23
110 1# - MAIN ENTRY--CORPORATE NAME
Corporate name or jurisdiction name as entry element Escuela Superior de Administración pública
9 (RLIN) 3262
245 10 - TITLE STATEMENT
Title Técnicas de Estudio /
Statement of responsibility, etc. Escuela Superior de Administración pública ; editado por Julia Rosa Rodriguez de Martinez
260 ## - PUBLICATION, DISTRIBUTION, ETC.
Place of publication, distribution, etc. Bogotá :
Name of publisher, distributor, etc. Esap,
Date of publication, distribution, etc. 1989.
300 ## - PHYSICAL DESCRIPTION
Extent 74 páginas :
Other physical details ilustraciones a blanco y negro ;
Dimensions 25 cm.
300 ## - PHYSICAL DESCRIPTION
Other physical details
300 ## - PHYSICAL DESCRIPTION
Dimensions 25 cm
504 ## - BIBLIOGRAPHY, ETC. NOTE
Bibliography, etc. note Bibliografía : páginas 73-74.
505 0# - FORMATTED CONTENTS NOTE
Formatted contents note Programación par el estudio -- Aspectos para comprender y asimilar lo que se estudia -- Tecnicas para ayudar a la comprensión -- Redacción de un documento o trabajo escrito -- Preparación para las evaluaciones o examenes
650 24 - SUBJECT ADDED ENTRY--TOPICAL TERM
Topical term or geographic name entry element Técnicas de estudio
9 (RLIN) 9546
650 24 - SUBJECT ADDED ENTRY--TOPICAL TERM
Topical term or geographic name entry element Hábitos de estudio
9 (RLIN) 9547
700 1# - ADDED ENTRY--PERSONAL NAME
Personal name Rodriguez de Martinez, Julia Rosa,
Relator term editor
9 (RLIN) 9548
942 ## - ADDED ENTRY ELEMENTS (KOHA)
Source of classification or shelving scheme Dewey Decimal Classification
Koha item type Books
Existencias
Withdrawn status Lost status Source of classification or shelving scheme Materials specified (bound volume or other part) Damaged status Not for loan Home library Current library Shelving location Date acquired Source of acquisition Full call number Barcode Date last seen Copy number Price effective from Koha item type
    Dewey Decimal Classification Donación--15/04/2018--     Biblioteca Pública José María del Castillo y Rada Biblioteca Pública José María del Castillo y Rada General Stacks 11/28/2019 Donación 371.3 / E74t 430011604 05/16/2024 Ej.1 11/28/2019 Books